Music Quiz

Random Music or Rap Quiz

Rolling Stone's Greatest Rappers Quiz Stats

 Plays Quiz Updated Jan 26, 2018

Challenge
Share
Tweet
Embed
Score 0/7 Timer 01:30
4 Plays Today
Rank Artist % Correct
#88Jay-Z
95.4%
#83Eminem
93.5%
#86Tupac Shakur
73.9%
#48Run-D.M.C.
60.9%
#77Beastie Boys
60.7%
#44Public Enemy
57.8%
#56Dr. Dre
44.3%

You're not logged in!

Compare scores with friends on all Sporcle quizzes.
Join for Free
OR
Log In

You Might Also Like...

Show Comments

Extras

Top Quizzes Today


Score Distribution

Your Account Isn't Verified!

In order to create a playlist on Sporcle, you need to verify the email address you used during registration. Go to your Sporcle Settings to finish the process.

Report this User

Report this user for behavior that violates our Community Guidelines.

Details: